| 000 -CABECERA |
| Longitud fija campo de control |
00798nam a22002417a 4500 |
| 003 - IDENTIFICADOR DEL NÚMERO DE CONTROL |
| Identificador del número de control |
OSt |
| 005 - FECHA Y HORA DE LA ÚLTIMA TRANSACCIÓN |
| Fecha y hora de la última transacción |
20151026133602.0 |
| 008 - CÓDIGOS DE INFORMACIÓN DE LONGITUD FIJA |
| Códigos de información de longitud fija |
130715s2013 sp ||||| |||| 00| 0 spa d |
| 020 ## - NÚMERO INTERNACIONAL NORMALIZADO PARA LIBROS |
| Número Internacional Normalizado para Libros (ISBN) |
9788441534087 |
| 040 ## - FUENTE DE LA CATALOGACIÓN |
| Centro transcriptor |
CDMR |
| 100 1# - PUNTO DE ACCESO PRINCIPAL-NOMBRE DE PERSONA |
| 9 (RLIN) |
3925 |
| Nombre de persona |
Mejía Llano, Juan Carlos |
| 245 ## - MENCIÓN DE TÍTULO |
| Título |
La guía del Community Manager |
| Resto del título |
: estrategia, táctica y herramientas |
| Mención de responsabilidad, etc. |
Juan Carlos Mejía Llano |
| 260 ## - PUBLICACIÓN, DISTRIBUCIÓN, ETC. (PIE DE IMPRENTA) |
| Lugar de publicación, distribución, etc. |
Marid |
| Nombre del editor, distribuidor, etc. |
Anaya Multimedia |
| Fecha de publicación, distribución, etc. |
2013 |
| 300 ## - DESCRIPCIÓN FÍSICA |
| Extensión |
400 p. |
| Otras características físicas |
il. b/n |
| 490 0# - MENCIÓN DE SERIE |
| Mención de serie |
Social Media |
| 650 04 - PUNTO DE ACCESO ADICIONAL DE MATERIA - TÉRMINO DE MATERIA |
| 9 (RLIN) |
3137 |
| Término de materia o nombre geográfico como elemento inicial |
Web 2.0 |
| 650 04 - PUNTO DE ACCESO ADICIONAL DE MATERIA - TÉRMINO DE MATERIA |
| 9 (RLIN) |
2798 |
| Término de materia o nombre geográfico como elemento inicial |
Comunicació en l'empresa |
| Subdivisión de materia general |
Innovacions tecnològiques |
| 650 04 - PUNTO DE ACCESO ADICIONAL DE MATERIA - TÉRMINO DE MATERIA |
| 9 (RLIN) |
3978 |
| Término de materia o nombre geográfico como elemento inicial |
Reputació en línia |
| 650 04 - PUNTO DE ACCESO ADICIONAL DE MATERIA - TÉRMINO DE MATERIA |
| 9 (RLIN) |
3396 |
| Término de materia o nombre geográfico como elemento inicial |
Màrqueting |
| 650 04 - PUNTO DE ACCESO ADICIONAL DE MATERIA - TÉRMINO DE MATERIA |
| 9 (RLIN) |
4121 |
| Término de materia o nombre geográfico como elemento inicial |
Social Media Management |
| 650 04 - PUNTO DE ACCESO ADICIONAL DE MATERIA - TÉRMINO DE MATERIA |
| 9 (RLIN) |
3128 |
| Término de materia o nombre geográfico como elemento inicial |
Xarxes socials en línia |
| Subdivisión de materia general |
Direcció i administració |
| 942 ## - ENTRADA DE ELEMENTOS AGREGADOS (KOHA) |
| Fuente de clasificaión o esquema |
|
| Koha [por defecto] tipo de item |
Monografies |